00889nam a22002177a 4500999001500000003000900015008004100024040007100065082002300136100003700159245016900196260001900365300002800384505004800412650002600460650002600486650003100512942001600543945000900559952010300568 c9858d9858AR-CdUCM190328b ||||| |||| 00| 0 spa d aMUNICIPALIDAD PROVINCIAL DEL CUSCOcBIBLIOTECA MUNICIPAL DEL CUSCO aC / 985.02 /bC83A aCovarrubias Pozo, Jesús Manuel aSegundo libro de actas :bAcuerdos - proveimientos - mandatos y ordenanzas de los magníficos señores del Cabildo, Justicia y Regimiento de la ciudad del Cuzco / aCusco :c1963. a228 páginas ;c25 cm. aContenido: Libro de actas de cabildo cusco. aLibro de actas926356 aCabildos Cusco926357 aRegimiento de Cusco926358 2ddccLIBROS adavv 002ddc4070aSCAbSCAcCARTd2019-03-28g30.00oC / 985.02 / C83ApSCA0000433r2019-03-28yLIBROS